00340nam a2200109Ia 4500008004100000082000800041100001800049245004500067942000600112952009700118999001500215240331s9999 xx 000 0 und d bPAN aPanchangam, K 0aPenn mozhi punaivu :bessays on feminism cL 001040708LaWERCLbWERCLcSSCd2024-03-31l0o 305.4 PANp4208r2024-03-31w2024-03-31yL c1684d1684